000 00357 a2200157 4500
001 47543
020 _a978-85-9554-020-0
040 _cAnchieta - Aquarius
100 _aBorando, Silvia
240 1 0 _aGato preto, gata branca
_lpor
245 1 0 _aGato preto, gata branca
300 _a48p.
362 0 _a2017
650 4 _aLiteratura infantil
942 _cBK
999 _c47543
_d47543